Catalog

Record Details

Catalog Search



Available copies

  • 2 of 2 copies available at LARL/NWRL Consortium.
  • 2 of 2 copies available at Northwest Regional Library. (Show preferred library)

Current holds

0 current holds with 2 total copies.

Show Only Available Copies
Location Call Number / Copy Notes Barcode Shelving Location Status Due Date
Greenbush Public Library j CHI (Text) 35500005750573 Main Available -
Roseau Public Library j CHI (Text) 35500005750581 Main Available -

Record details

  • ISBN: 9780763654702
  • ISBN: 0763654701
  • Physical Description: 491 pages : illustrations ; 20 cm.
  • Edition: First U.S. edition.
  • Publisher: [Somerville, Massachusetts] : Candlewick Press, 2016.

Content descriptions

Summary, etc.:
When a ghostly foe begins stealing from the ... Read More
Subject: Spies > Fiction.
Robbers and outlaws > Fiction.
Ciphers > Fiction.
Mystery and detective stories.
LDR 01335cam a2200373Ii 4500
001203159
003LARL_NWRL_CONSORTIUM
00520160310171707.0
008160118r20162014maua j 000 1 eng d
019 . ‡a913844584
020 . ‡a9780763654702
020 . ‡a0763654701
035 . ‡a(OCoLC)936359860 ‡z(OCoLC)913844584
08204. ‡a[Fic] ‡223
1001 . ‡aChild, Lauren, ‡eauthor. ‡0(LARL_NWRL_CONSORTIUM)154631
24510. ‡aFeel the fear ‡n#4 / ‡cLauren Child.
250 . ‡aFirst U.S. edition.
264 1. ‡a[Somerville, Massachusetts] : ‡bCandlewick Press, ‡c2016.
300 . ‡a491 pages : ‡billustrations ; ‡c20 cm.
336 . ‡atext ‡2rdacontent
337 . ‡aunmediated ‡2rdamedia
338 . ‡avolume ‡2rdacarrier
4900 . ‡aRuby Redfort ; ‡v4
520 . ‡aWhen a ghostly foe begins stealing from the highest buildings in Twinford, Ruby Redfort is ready to defy death one more time to capture the bandit.
650 1. ‡aSpies ‡vFiction. ‡0(LARL_NWRL_CONSORTIUM)176180
650 1. ‡aRobbers and outlaws ‡vFiction.
650 1. ‡aCiphers ‡vFiction. ‡0(LARL_NWRL_CONSORTIUM)175934
650 1. ‡aMystery and detective stories. ‡0(LARL_NWRL_CONSORTIUM)176113
7001 . ‡aDu Sautoy, Marcus ‡econtributor. ‡0(LARL_NWRL_CONSORTIUM)223987
901 . ‡a203159 ‡b ‡c203159 ‡tbiblio

Additional Resources